| 000 | 00987nam a22002057a 4500 | ||
|---|---|---|---|
| 999 |
_c60301 _d60301 |
||
| 003 | Ge_BSU | ||
| 005 | 20230627133649.0 | ||
| 008 | 230627s1991 ge ||||| |||| 00| 0 geo d | ||
| 041 | _ageo | ||
| 080 | _a001.8 ა-30 | ||
| 100 |
_aავალიანი, სერგი _9356 |
||
| 245 |
_aმეცნიერების ფილოსოფიის შესავალი / _cსერგი ავალიანი; [რედ.: მ. ბაქანიძე]; საქ. მეცნ. აკად., ფილოსოფიის ინ-ტი. |
||
| 264 |
_aთბილისი : _bმეცნიერება, _c1991. |
||
| 300 |
_a297გვ. ; _b20სმ. |
||
| 504 | _aბიბლიოგრ. ტექსტ. შენიშვნ. | ||
| 520 | _aრეზ. რუს. ენ. | ||
| 653 | _aმეცნიერების ფილოსოფია | ||
| 700 |
_aბაქანიძე, მ. _eრედაქტორი _919003 |
||
| 942 |
_2udc _cBK |
||